| 000 | 00331 a2200133 4500 | ||
|---|---|---|---|
| 005 | 20250628083237.0 | ||
| 020 | _a0-07-029387-2 | ||
| 082 | _a004.678 HOF | ||
| 100 | _aHOFSTERTTER, F. | ||
| 245 | _aInternet, Literacy | ||
| 260 |
_aNew York, _bMcGraw Hill, _c1998 |
||
| 300 |
_axvi,298p.; ill.; figure _bIndex _c26cm |
||
| 942 |
_2ddc _cBKS |
||
| 999 |
_c5901 _d5901 |
||